000
00314cam a2200121ua 4500
020
_a
81 7233 087 7
082
_a
627.54
_b
AWA/DR
245
_a
Drainage Manual: A Water Resources Technical Publication
250
_a
3 /
260
_a
Jodhpur :
_b
Scientific Publishers ,
_c
1995.
300
_a
321 ; .
942
_c
REF
999
_c
5936
_d
5936